[Event "RNCC"]
[Site "?"]
[Date "1988.??.??"]
[Round "5"]
[White "Geddis, Richard W"]
[Black "Brameld, Arthur F"]
[Result "0-1"]
[WhiteElo "1740"]
[BlackElo "2080"]
[PlyCount "64"]
[EventDate "1988.??.??"]
[EventType "simul"]
[EventRounds "6"]

1. e4 Nf6 2. Nc3 d5 3. e5 Ne4 4. d4 Nxc3 5. bxc3 c5 6. Nf3 Bg4 7. Be2 e6 8. h3 Bh5 9. O-O Be7 10. Rb1 Qc7 11. Be3 Nc6 12. Re1 Rc8 13. Ng5 Bxe2 14. Rxe2 Na5 15. Nf3 a6 16. Ne1 b5 17. f4 g6 18. Nd3 Nc4 19. Bf2 Qa5 20. Be1 Rc6 21. a4 O-O 22. axb5 axb5 23. Ra1 Qb6 24. Bf2 cxd4 25. cxd4 b4 26. Qb1 Rb8 27. Qa2 Na3 28. Kf1 Rc4 29. Ne1 Rbc8 30. Rc1 Qb5 31. Kg1 Rc3 32. Rd2 b3 0-1

[Event "RNCC"]
[Site "?"]
[Date "1988.??.??"]
[Round "6"]
[White "Brameld, Arthur F"]
[Black "Brokenshire, Laurie P"]
[Result "1/2-1/2"]
[WhiteElo "2080"]
[BlackElo "1800"]
[PlyCount "21"]
[EventDate "1988.??.??"]
[EventType "simul"]
[EventRounds "6"]

1. e4 e5 2. f4 exf4 3. Nf3 d5 4. exd5 Nf6 5. Bb5+ Bd7 6. Bxd7+ Qxd7 7. Qe2+ Be7 8. c4 O-O 9. O-O c6 10. d4 cxd5 11. Ne5 1/2-1/2

[Event "IntService"]
[Site "?"]
[Date "1989.??.??"]
[Round "?"]
[White "Crockart, George"]
[Black "Brameld, Arthur F"]
[Result "0-1"]
[WhiteElo "1880"]
[BlackElo "2080"]
[PlyCount "76"]
[EventDate "1989.??.??"]
[EventType "simul"]
[EventRounds "5"]

1. c4 e5 2. Nc3 Nc6 3. g3 g6 4. Bg2 Bg7 5. e3 d6 6. b3 Bf5 7. Nge2 Qd7 8. d4 Bh3 9. O-O Bxg2 10. Kxg2 f5 11. d5 Nce7 12. f3 g5 13. e4 f4 14. Rh1 Ng6 15. Bd2 h5 16. Qg1 Bh6 17. h4 gxh4 18. gxh4 Nf6 19. Qh2 O-O-O 20. Rag1 Rhg8 21. Kf1 Rg7 22. Qf2 b6 23. a4 a5 24. Nb5 Rdg8 25. Nec3 Nf8 26. Rxg7 Rxg7 27. Na7+ Kd8 28. Nc6+ Ke8 29. Nb5 Rg3 30. Nb8 Qh7 31. Na6 Nxe4 32. Naxc7+ Kd7 33. Qe2 Rxf3+ 34. Ke1 Nxd2 35. Kxd2 e4 36. Re1 Rf2 37. Qxf2 e3+ 38. Ke2 Qc2+ 0-1

[Event "IntService"]
[Site "?"]
[Date "1989.??.??"]
[Round "?"]
[White "Brameld, Arthur F"]
[Black "Bracken, C."]
[Result "1/2-1/2"]
[WhiteElo "2080"]
[BlackElo "2120"]
[PlyCount "53"]
[EventDate "1989.??.??"]
[EventType "simul"]
[EventRounds "5"]

1. e4 e6 2. d4 d5 3. Nc3 Nf6 4. e5 Nfd7 5. f4 c5 6. Nf3 Nc6 7. Be3 cxd4 8. Nxd4 Bc5 9. Nxc6 bxc6 10. Bxc5 Nxc5 11. Qd4 Qb6 12. Be2 O-O 13. O-O Na4 14. Qxb6 axb6 15. Nxa4 Rxa4 16. c3 Ba6 17. Bxa6 Rxa6 18. a3 f6 19. Rae1 Kf7 20. f5 exf5 21. Rxf5 Ra4 22. exf6 gxf6 23. Ref1 Kg6 24. h3 h5 25. Kh2 Re4 26. R1f2 Re3 27. Kg1 1/2-1/2

[Event "RNCC"]
[Site "?"]
[Date "1989.??.??"]
[Round "1"]
[White "Davies, Owen"]
[Black "Brameld, Arthur F"]
[Result "0-1"]
[WhiteElo "1720"]
[BlackElo "2100"]
[PlyCount "93"]
[EventDate "1989.??.??"]
[EventType "simul"]
[EventRounds "6"]

1. d4 Nf6 2. Bg5 d5 3. Bxf6 gxf6 4. e3 Bf5 5. Bd3 Qd7 6. c3 Rg8 7. g3 Bg6 8. Nf3 Nc6 9. Qe2 e5 10. Nh4 e4 11. Nxg6 fxg6 12. Bb5 a6 13. Ba4 b5 14. Bc2 Na5 15. b4 Nc4 16. a4 c6 17. axb5 cxb5 18. Na3 Nd6 19. O-O Rc8 20. Bb3 Nf5 21. c4 Bxb4 22. cxb5 axb5 23. Nxb5 Rb8 24. Bxd5 Rg7 25. Ra7 Qxd5 26. Rxg7 Qxb5 27. Qxb5+ Rxb5 28. Rxh7 Be7 29. Ra1 Rb7 30. Ra6 Nd6 31. Rxd6 Rb1+ 32. Kg2 Bxd6 33. Rh4 f5 34. g4 Kf7 35. gxf5 gxf5 36. Rh6 Be7 37. Rh7+ Ke6 38. h4 Bf6 39. h5 Rb8 40. Rh6 Rg8+ 41. Rg6 Rxg6+ 42. hxg6 Bg7 43. f3 Kf6 44. fxe4 fxe4 45. Kg3 Bh6 46. d5 Kxg6 47. d6 0-1

[Event "RNCC"]
[Site "?"]
[Date "1989.??.??"]
[Round "2"]
[White "Brameld, Arthur F"]
[Black "Eland, Dave"]
[Result "1-0"]
[WhiteElo "2100"]
[BlackElo "2760"]
[PlyCount "65"]
[EventDate "1989.??.??"]
[EventType "simul"]
[EventRounds "6"]

1. d4 Nf6 2. c4 g6 3. Nc3 Bg7 4. e4 d6 5. f3 O-O 6. Be3 c5 7. dxc5 dxc5 8. Qxd8 Rxd8 9. Bxc5 Nc6 10. Nd5 e6 11. Ne7+ Kh8 12. Nxc6 bxc6 13. Rd1 Ba6 14. Rxd8+ Rxd8 15. b3 Nh5 16. Be3 Bc3+ 17. Ke2 e5 18. g3 Bc8 19. Nh3 f5 20. exf5 gxf5 21. f4 exf4 22. Nxf4 Nf6 23. Bh3 Re8 24. Rd1 Ne4 25. Bg2 Bb4 26. Bxe4 fxe4 27. h3 c5 28. Rd5 Kg8 29. Bxc5 Bxc5 30. Rxc5 a6 31. Ke3 Bb7 32. Rc7 Bc8 33. g4 1-0

[Event "RNCC"]
[Site "?"]
[Date "1989.??.??"]
[Round "3"]
[White "Hardie, David"]
[Black "Brameld, Arthur F"]
[Result "0-1"]
[WhiteElo "1760"]
[BlackElo "2100"]
[PlyCount "54"]
[EventDate "1989.??.??"]
[EventType "simul"]
[EventRounds "6"]

1. d4 Nf6 2. c4 e6 3. Nc3 Bb4 4. e3 b6 5. Nge2 Ba6 6. a3 Bxc3+ 7. Nxc3 d5 8. b3 O-O 9. Bd3 c5 10. O-O Nc6 11. Bb2 cxd4 12. Nb5 dxc4 13. bxc4 Ne5 14. f4 Nxd3 15. Qxd3 Bxb5 16. cxb5 Qd5 17. Bxd4 Rac8 18. Rad1 Rfd8 19. Qe2 Qe4 20. Rd2 Nd5 21. Rfd1 Rd7 22. Qg4 f6 23. Qg3 Rdc7 24. h4 Rc2 25. Qf2 Kf7 26. Re1 Rxd2 27. Qxd2 Rc2 0-1

[Event "RNCC"]
[Site "?"]
[Date "1989.??.??"]
[Round "4"]
[White "Brameld, Arthur F"]
[Black "Geddis, Richard W"]
[Result "1-0"]
[WhiteElo "2100"]
[BlackElo "1740"]
[PlyCount "29"]
[EventDate "1989.??.??"]
[EventType "simul"]
[EventRounds "6"]

1. e4 c5 2. Nf3 d6 3. d4 cxd4 4. Qxd4 Bd7 5. c4 Nc6 6. Qd2 Nf6 7. Nc3 g6 8. b3 Bg7 9. Bb2 O-O 10. h3 a5 11. Bd3 Qc8 12. Rc1 Rd8 13. Bb1 Be6 14. Nd5 Bxd5 15. cxd5 1-0

[Event "RNCC"]
[Site "?"]
[Date "1989.??.??"]
[Round "5"]
[White "Kemp, Paul M"]
[Black "Brameld, Arthur F"]
[Result "1/2-1/2"]
[WhiteElo "1880"]
[BlackElo "2100"]
[PlyCount "34"]
[EventDate "1989.??.??"]
[EventType "simul"]
[EventRounds "6"]

1. e4 Nf6 2. e5 Nd5 3. d4 d6 4. Bc4 Nb6 5. Bb3 dxe5 6. Qh5 e6 7. dxe5 Nc6 8. Nf3 Nd4 9. O-O Nxf3+ 10. Qxf3 c5 11. c4 Qc7 12. Nc3 Bd7 13. a4 Bc6 14. Qg3 g6 15. Be3 h5 16. f4 h4 17. Qf2 Nd7 1/2-1/2

[Event "RNCC"]
[Site "?"]
[Date "1989.??.??"]
[Round "6"]
[White "Brameld, Arthur F"]
[Black "Smith, R T"]
[Result "1-0"]
[WhiteElo "2100"]
[BlackElo "2760"]
[PlyCount "73"]
[EventDate "1989.??.??"]
[EventType "simul"]
[EventRounds "6"]

1. e4 e5 2. f4 d5 3. exd5 exf4 4. Nf3 Nf6 5. Bb5+ Bd7 6. Bxd7+ Nbxd7 7. c4 Qe7+ 8. Qe2 Qxe2+ 9. Kxe2 Bd6 10. d4 b6 11. Nc3 a6 12. Bd2 O-O 13. Rae1 c5 14. dxc6 Rfe8+ 15. Kd3 Nf8 16. Rxe8 Rxe8 17. Re1 Ng6 18. Rxe8+ Nxe8 19. Nd5 Bc7 20. Nxc7 Nxc7 21. Bb4 f6 22. Bd6 Ne8 23. c5 bxc5 24. Bxc5 Kf7 25. d5 Ne7 26. Kc4 g5 27. Nd4 Ng6 28. d6 Ng7 29. c7 Ne5+ 30. Kd5 Ng4 31. c8=Q Ne3+ 32. Kc6 Nxg2 33. d7 f3 34. d8=Q f2 35. Qg8+ Kg6 36. Qf5+ Kh6 37. Qgxh7# 1-0

[Event "Navy"]
[Site "?"]
[Date "1989.??.??"]
[Round "?"]
[White "Monk, J."]
[Black "Brameld, Arthur F"]
[Result "0-1"]
[WhiteElo "1975"]
[BlackElo "2100"]
[PlyCount "46"]
[EventDate "1989.??.??"]
[EventType "game"]

1. d4 Nf6 2. c4 e6 3. Nf3 c5 4. d5 b5 5. dxe6 fxe6 6. b3 bxc4 7. bxc4 Nc6 8. Nc3 Be7 9. e4 O-O 10. Bd3 Ng4 11. h3 Nge5 12. Nxe5 Nxe5 13. O-O Qa5 14. Qc2 Ba6 15. Nd1 Rab8 16. Ne3 Bf6 17. Rb1 Rxb1 18. Qxb1 Qc3 19. Rd1 Nxc4 20. Bxc4 Bxc4 21. Rxd7 Qe1+ 22. Kh2 Be5+ 23. g3 Rxf2+ 0-1

[Event "CoshClub"]
[Site "?"]
[Date "1989.??.??"]
[Round "?"]
[White "Carter, Anthony FC"]
[Black "Brameld, Arthur F"]
[Result "1/2-1/2"]
[WhiteElo "2020"]
[BlackElo "2100"]
[PlyCount "125"]
[EventDate "1989.??.??"]
[EventType "game"]

1. e4 Nf6 2. d3 e5 3. f4 d6 4. Nf3 Nc6 5. Be2 Bg4 6. O-O Bxf3 7. Bxf3 Nd4 8. c3 Nxf3+ 9. Qxf3 Qd7 10. Na3 Be7 11. fxe5 dxe5 12. Nc4 Qe6 13. Qf5 Bd6 14. Qxe6+ fxe6 15. a4 O-O 16. b4 a6 17. Bg5 h6 18. Bh4 g5 19. Bg3 Nd7 20. Na5 Rab8 21. Rxf8+ Kxf8 22. Nc4 Ke7 23. Rf1 Rg8 24. Na5 Rb8 25. h4 c5 26. b5 Bc7 27. Nc4 axb5 28. axb5 Ra8 29. hxg5 hxg5 30. Rb1 Ra2 31. Bf2 Rc2 32. Be3 Rxc3 33. Bxg5+ Ke8 34. b6 Bb8 35. Rd1 Rb3 36. Be3 Nxb6 37. Na5 Rb2 38. Nxb7 Nd7 39. g4 Rc2 40. g5 c4 41. dxc4 Rxc4 42. Kg2 Bc7 43. Rh1 Rc2+ 44. Kf3 Rc3 45. g6 Bb6 46. Rh8+ Ke7 47. Rh7+ Ke8 48. Nd6+ Kf8 49. Rxd7 Rxe3+ 50. Kg4 Bc5 51. Kg5 Rd3 52. g7+ Kg8 53. Rd8+ Kxg7 54. Nf5+ exf5 55. Rxd3 f4 56. Rd7+ Kf8 57. Kf6 Ke8 58. Ke6 Bb6 59. Rh7 Kd8 60. Kxe5 Bc7+ 61. Ke6 Kc8 62. Rf7 f3 63. Rxf3 {Draw agreed due to shortage of time by both players.} 1/2-1/2

[Event "Ports Lge"]
[Site "?"]
[Date "1989.??.??"]
[Round "?"]
[White "Corkett, Anthony"]
[Black "Brameld, Arthur F"]
[Result "1-0"]
[WhiteElo "2230"]
[BlackElo "2100"]
[PlyCount "59"]
[EventDate "1989.??.??"]
[EventType "simul"]
[EventRounds "3"]

1. d4 Nf6 2. c4 g6 3. Nc3 Bg7 4. e4 d6 5. Be2 O-O 6. Bg5 h6 7. Be3 e5 8. d5 c5 9. h3 Ne8 10. Qd2 Kh7 11. g4 f5 12. gxf5 gxf5 13. exf5 Bxf5 14. Bd3 Qd7 15. Nge2 Bxd3 16. Qxd3+ Qf5 17. Ne4 Kh8 18. O-O-O Nd7 19. N2g3 Qf7 20. h4 Qg6 21. Rdg1 Ndf6 22. f3 a6 23. h5 Qh7 24. Qd2 b5 25. Ng5 hxg5 26. h6 Qg6 27. Bxg5 Nh7 28. hxg7+ Nxg7 29. Rh6 Qf7 30. Rgh1 1-0

[Event "Ports Lge"]
[Site "?"]
[Date "1989.??.??"]
[Round "?"]
[White "Brameld, Arthur F"]
[Black "Gregory, Keith DF"]
[Result "1-0"]
[Annotator "Arthur F Brameld"]
[WhiteElo "2100"]
[BlackElo "2230"]
[PlyCount "51"]
[EventDate "1989.??.??"]
[EventType "simul"]
[EventRounds "3"]

1. e4 g6 2. d4 Bg7 3. Nc3 c6 4. Bc4 b5 5. Bb3 b4 6. Nce2 Nf6 7. e5 Nd5 8. Nf4 Nb6 9. Nf3 d5 10. O-O O-O 11. Re1 a5 12. c3 bxc3 13. bxc3 Bg4 14. h3 Bxf3 15. Qxf3 a4 16. Bc2 Na6 17. Rb1 e6 18. Nh5 Rb8 (18... gxh5 19. Qxh5 f5 20. exf6 Rxf6 21. Qxh7+ Kf8 22. Bg5) 19. Nxg7 Kxg7 20. Bd3 Nd7 21. Ba3 Nc7 22. Rxb8 Qxb8 23. Rb1 Qc8 24. Bxf8+ Kxf8 25. Qd1 Nb5 26. Qxa4 1-0

[Event "CoshCh"]
[Site "?"]
[Date "1989.??.??"]
[Round "?"]
[White "Langley, Arthur"]
[Black "Brameld, Arthur F"]
[Result "0-1"]
[WhiteElo "1680"]
[BlackElo "2100"]
[PlyCount "84"]
[EventDate "1989.??.??"]
[EventType "game"]

1. e4 Nf6 2. Nc3 d5 3. exd5 Nxd5 4. Nxd5 Qxd5 5. Nf3 Nc6 6. c3 e5 7. d3 Bc5 8. Be2 O-O 9. O-O h6 10. Nd2 Bf5 11. c4 Qd7 12. Nb3 Bd4 13. a3 Rad8 14. Qc2 Qe6 15. Be3 Qg6 16. Kh1 Bxe3 17. fxe3 Bxd3 18. Bxd3 Qxd3 19. Qxd3 Rxd3 20. Nc5 Rxe3 21. Nxb7 Rb8 22. Nc5 Rxb2 23. Rfe1 Rxe1+ 24. Rxe1 Rc2 25. Na6 Rxc4 26. Nxc7 Nd4 27. h3 Rxc7 28. Rxe5 Ne6 29. a4 Rc5 30. Re4 Rd5 31. Rb4 a5 32. Rb8+ Kh7 33. Rb7 Kg6 34. Rb6 Rd4 35. Ra6 Rxa4 36. Kg1 Kf5 37. Kf2 h5 38. Ra7 f6 39. Ra6 g5 40. Kf3 Ra3+ 41. Ke2 Nf4+ 42. Kf1 Ra1+ 0-1

[Event "NatClub"]
[Site "?"]
[Date "1989.??.??"]
[Round "?"]
[White "Gregory, Keith DF"]
[Black "Brameld, Arthur F"]
[Result "0-1"]
[WhiteElo "2230"]
[BlackElo "2100"]
[PlyCount "92"]
[EventDate "1989.??.??"]
[EventType "game"]

1. g3 d5 2. Bg2 g6 3. Nf3 Bg7 4. d4 Nf6 5. O-O O-O 6. c4 c6 7. Nbd2 Ne4 8. Qc2 Bf5 9. Qb3 Qb6 10. cxd5 Nxd2 11. Nxd2 Bxd4 12. e4 Bg4 13. Nc4 Qxb3 14. axb3 Nd7 15. h3 Be2 16. Re1 Bxc4 17. bxc4 Ne5 18. Rd1 c5 19. Bh6 Rfb8 20. Bf4 f6 21. Ra2 b5 22. Bf1 bxc4 23. Bxe5 fxe5 24. Bxc4 Kg7 25. b3 a5 26. Rdd2 Rb4 27. Ra4 Rxa4 28. bxa4 Rb8 29. Bb5 Rb6 30. Kg2 e6 31. dxe6 Rxe6 32. Rd3 Rf6 33. f3 Rd6 34. f4 Kf6 35. Kf3 Rd8 36. Rb3 Rb8 37. f5 gxf5 38. exf5 Rc8 39. Bc4 Kxf5 40. Bd3+ Kf6 41. Rb6+ Ke7 42. Rb7+ Kd6 43. Rxh7 c4 44. Bc2 Rf8+ 45. Ke4 Rf2 46. Bb1 Rb2 0-1

[Event "Ports Lge"]
[Site "?"]
[Date "1989.??.??"]
[Round "?"]
[White "Brameld, Arthur F"]
[Black "Bradley, Ian R"]
[Result "1-0"]
[WhiteElo "2100"]
[BlackElo "2060"]
[PlyCount "61"]
[EventDate "1989.??.??"]
[EventType "simul"]
[EventRounds "3"]

1. e4 e5 2. f4 exf4 3. Nf3 Nf6 4. e5 Nh5 5. Be2 d6 6. exd6 Bxd6 7. d4 O-O 8. O-O Bg4 9. Nc3 Nd7 10. Ne4 Ndf6 11. Nxd6 Qxd6 12. c3 c5 13. dxc5 Qxc5+ 14. Nd4 Bxe2 15. Qxe2 Rae8 16. Qf3 Re4 17. Kh1 Rfe8 18. Bd2 Qe5 19. Qh3 g5 20. Nf3 Qd5 21. g4 Ng7 22. Rad1 Qc5 23. b4 Qc6 24. Nxg5 Re1+ 25. Qf3 Qxf3+ 26. Nxf3 Rxf1+ 27. Rxf1 Nxg4 28. Nd4 Ne3 29. Rxf4 Nc4 30. Rf2 Ne6 31. Bh6 1-0

[Event "ColeCup"]
[Site "?"]
[Date "1989.??.??"]
[Round "?"]
[White "Taylor, J."]
[Black "Brameld, Arthur F"]
[Result "0-1"]
[WhiteElo "2680"]
[BlackElo "2100"]
[PlyCount "50"]
[EventDate "1989.??.??"]
[EventType "game"]

1. d4 c5 2. e4 cxd4 3. Nf3 Nc6 4. Nxd4 g6 5. Nxc6 bxc6 6. Be3 Bg7 7. Bd4 e5 8. Bc5 Ne7 9. Qd6 Bb7 10. Qxe7+ Qxe7 11. Bxe7 Kxe7 12. Nc3 d5 13. exd5 cxd5 14. Nb1 Rac8 15. c3 d4 16. f3 Rhd8 17. c4 f5 18. Nd2 e4 19. O-O-O Bh6 20. Kb1 d3 21. fxe4 fxe4 22. Nxe4 Bxe4 23. Re1 Rxc4 24. Ka1 Kf8 25. b3 Bg7+ 0-1

[Event "IntService"]
[Site "?"]
[Date "1989.??.??"]
[Round "?"]
[White "Sage, Geoff"]
[Black "Brameld, Arthur F"]
[Result "1-0"]
[WhiteElo "2100"]
[BlackElo "2100"]
[PlyCount "63"]
[EventDate "1989.??.??"]
[EventType "simul"]
[EventRounds "5"]

1. b3 e5 2. Bb2 Nc6 3. e3 g6 4. Bb5 Bg7 5. f4 Qh4+ 6. g3 Qe7 7. Nf3 d6 8. Bxc6+ bxc6 9. fxe5 dxe5 10. Nc3 Ba6 11. e4 h5 12. Nh4 Bf6 13. Ng2 h4 14. Qf3 hxg3 15. Qxg3 Rd8 16. O-O-O Rd4 17. h4 Rh5 18. d3 Bc8 19. Ne2 Rd8 20. Kb1 Nh6 21. Rdf1 Kf8 22. Qf2 Ng4 23. Qxa7 Kg7 24. Ba3 Qd7 25. Ng3 Rh7 26. h5 Rdh8 27. hxg6 fxg6 28. Rxh7+ Rxh7 29. Qc5 Rh2 30. Qf8+ Kh7 31. Ne1 Bg7 32. Rf7 1-0

[Event "IntService"]
[Site "?"]
[Date "1989.??.??"]
[Round "?"]
[White "Brameld, Arthur F"]
[Black "Hammond, Andy"]
[Result "1-0"]
[WhiteElo "2100"]
[BlackElo "2055"]
[PlyCount "59"]
[EventDate "1989.??.??"]
[EventType "simul"]
[EventRounds "5"]

1. e4 c5 2. Nf3 d6 3. d4 Nf6 4. Nc3 cxd4 5. Nxd4 a6 6. Bc4 e6 7. Bb3 Be7 8. Be3 O-O 9. Qe2 b5 10. f3 Bd7 11. a3 Nc6 12. Nxc6 Bxc6 13. O-O-O Qa5 14. g4 Rab8 15. h4 Rfc8 16. Kb1 d5 17. exd5 exd5 18. g5 Nh5 19. Bd4 Bd6 20. Nxd5 Bxd5 21. Bxd5 b4 22. Qe4 bxa3 23. Qf5 Qc7 24. g6 Ng3 25. gxf7+ Kh8 26. Bxg7+ Kxg7 27. Qg5+ Kf8 28. Qg8+ Ke7 29. Rhe1+ Be5 30. f8=Q+ 1-0

[Event "ColeCup"]
[Site "?"]
[Date "1990.??.??"]
[Round "?"]
[White "Brameld, Arthur F"]
[Black "Gregory, Keith DF"]
[Result "1-0"]
[WhiteElo "2100"]
[BlackElo "2230"]
[PlyCount "34"]
[EventDate "1990.??.??"]
[EventType "simul"]
[EventRounds "3"]

1. e4 d6 2. d4 Nf6 3. Nc3 c6 4. f4 g6 5. Nf3 Bg7 6. Bd3 O-O 7. O-O Nbd7 8. e5 Ne8 9. Qe1 dxe5 10. fxe5 f6 11. Qh4 fxe5 12. Bc4+ Kh8 13. Ng5 Nef6 14. dxe5 Nh5 15. Rxf8+ Qxf8 16. Nf7+ Kg8 17. Bg5 Ndf6 {Black lost on time.} 1-0

[Event "Ports Lge"]
[Site "?"]
[Date "1990.??.??"]
[Round "?"]
[White "Brameld, Arthur F"]
[Black "Nicholson, John"]
[Result "1/2-1/2"]
[WhiteElo "2100"]
[BlackElo "2230"]
[PlyCount "43"]
[EventDate "1990.??.??"]
[EventType "swiss"]

1. e4 c5 2. Nf3 d6 3. d4 cxd4 4. Qxd4 Nc6 5. Bb5 Bd7 6. Bxc6 Bxc6 7. Nc3 Nf6 8. Bg5 e6 9. O-O-O Be7 10. Rhe1 O-O 11. e5 dxe5 12. Qh4 Qc7 13. Nxe5 Rad8 $6 14. Ng4 Rxd1+ 15. Rxd1 Rd8 16. Nxf6+ gxf6 17. Bxf6 Rxd1+ 18. Nxd1 Bxf6 19. Qxf6 Qxh2 20. Qg5+ Kf8 21. Qd8+ Kg7 22. Qg5+ 1/2-1/2

[Event "CoshCh"]
[Site "?"]
[Date "1990.??.??"]
[Round "?"]
[White "Smith, David"]
[Black "Brameld, Arthur F"]
[Result "0-1"]
[WhiteElo "2760"]
[BlackElo "2100"]
[PlyCount "84"]
[EventDate "1990.??.??"]
[EventType "simul"]
[EventRounds "4"]

1. e4 Nf6 2. Nc3 d5 3. exd5 Nxd5 4. Nxd5 Qxd5 5. Nf3 e5 6. c4 Qe6 7. Be2 Bc5 8. O-O Nc6 9. d3 O-O 10. b3 b6 11. a3 a5 12. Ng5 Qe7 13. Bf3 Bd7 14. Re1 h6 15. Ne4 Bd4 16. Rb1 Rad8 17. Bb2 Bxb2 18. Rxb2 Qxa3 19. Rbe2 Nd4 20. Re3 Qxb3 21. Nd2 Qxd1 22. Bxd1 f6 23. Nb3 Bc6 24. Nxd4 Rxd4 25. Bb3 Kh8 26. Rc1 Rfd8 27. Rd1 g5 28. h3 h5 29. Ba2 Kg7 30. Bb1 Rxc4 31. Ba2 Rcd4 32. Rc1 R8d6 33. Rc3 Ra4 34. Bb1 Rb4 35. Re1 Kf8 36. Rec1 Ke7 37. Rxc6 Rxc6 38. Rxc6 Rxb1+ 39. Kh2 Kd7 40. Rxf6 a4 41. Rf3 a3 42. d4 a2 0-1

[Event "NatClubPlate"]
[Site "?"]
[Date "1990.??.??"]
[Round "?"]
[White "Shutler, S."]
[Black "Brameld, Arthur F"]
[Result "1-0"]
[WhiteElo "2160"]
[BlackElo "2100"]
[PlyCount "89"]
[EventDate "1990.??.??"]
[EventType "simul"]
[EventRounds "2"]

1. e4 Nf6 2. e5 Nd5 3. c4 Nb6 4. c5 Nd5 5. Bc4 e6 6. d4 d6 7. cxd6 cxd6 8. Nf3 Nc6 9. O-O Nb6 10. Bb3 dxe5 11. dxe5 Qxd1 12. Rxd1 Na5 13. Nc3 Bd7 14. Nd4 a6 15. Bc2 Rc8 16. Be4 Nbc4 17. f4 Bc5 18. b3 Nb6 19. Bb2 O-O 20. Kh1 Rfd8 21. Nce2 Be8 22. Bc3 Nc6 23. Nxc6 Rxd1+ 24. Rxd1 Bxc6 25. Bxc6 bxc6 26. Ng3 Nd5 27. Ne4 Be7 28. Bd2 g6 29. Kg1 Kg7 30. Kf2 Ba3 31. g3 Kf8 32. Be3 Rb8 33. Rd2 $2 Ke7 $2 34. Rc2 Kd7 35. Bc5 Bb4 36. a3 Ba5 37. Bd6 Bb6+ 38. Ke2 Rb7 39. b4 h5 40. Kf3 Ba7 41. Bc5 Rc7 42. h3 Bxc5 43. Nxc5+ Kc8 44. Nxa6 Ra7 45. Rxc6+ 1-0

[Event "Ports Lge"]
[Site "?"]
[Date "1990.??.??"]
[Round "?"]
[White "Brameld, Arthur F"]
[Black "Lusher, Christine"]
[Result "1-0"]
[WhiteElo "2100"]
[BlackElo "1605"]
[PlyCount "31"]
[EventDate "1990.??.??"]
[EventType "swiss"]

1. e4 e5 2. f4 exf4 3. Nf3 g5 4. h4 g4 5. Ne5 h5 6. Bc4 Nh6 7. d4 d6 8. Nd3 f5 9. Nxf4 fxe4 10. Ng6 Rh7 11. Bg5 Qd7 12. Nc3 Qg7 13. Nxf8 Kxf8 14. Nxe4 Nd7 15. Rf1+ Ke8 16. Qe2 1-0

[Event "CoshCh"]
[Site "?"]
[Date "1990.??.??"]
[Round "?"]
[White "Brameld, Arthur F"]
[Black "Bryan, Colin"]
[Result "1-0"]
[WhiteElo "2100"]
[BlackElo "1805"]
[PlyCount "73"]
[EventDate "1990.??.??"]
[EventType "simul"]
[EventRounds "4"]

1. e4 e5 2. f4 exf4 3. Nf3 d5 4. exd5 Nf6 5. c4 c6 6. Nc3 cxd5 7. cxd5 Bd6 8. Bb5+ Nbd7 9. Qe2+ Qe7 10. Qxe7+ Bxe7 11. d4 Bd6 12. Ne5 O-O 13. Bxf4 Nb6 14. O-O a6 15. Bd3 Nbxd5 16. Bg5 Be6 17. Rae1 Rac8 18. Nxd5 Nxd5 19. a3 Be7 20. Bxe7 Nxe7 21. Be4 Bd5 22. Nd7 Rfd8 23. Nb6 Rb8 24. Bxh7+ Kxh7 25. Rxe7 Be6 26. d5 Bxd5 27. Nxd5 Rxd5 28. Rfxf7 Rd1+ 29. Kf2 Rd2+ 30. Kg3 Rxb2 31. Rxg7+ Kh6 $2 32. Kh4 b5 33. h3 Rc8 34. g4 Rc4 35. Rg5 a5 36. Re6+ Kh7 37. Kh5 1-0

[Event "ColeCup"]
[Site "?"]
[Date "1990.??.??"]
[Round "?"]
[White "Corkett, Anthony"]
[Black "Brameld, Arthur F"]
[Result "0-1"]
[WhiteElo "2230"]
[BlackElo "2100"]
[PlyCount "88"]
[EventDate "1990.??.??"]
[EventType "simul"]
[EventRounds "3"]

1. c4 e6 2. Nf3 d5 3. Nc3 c5 4. g3 Nf6 5. Bg2 d4 6. Nb1 Nc6 7. O-O e5 8. d3 Be7 9. a3 O-O 10. b4 cxb4 11. axb4 Bxb4 12. Ba3 Bxa3 13. Nxa3 Bg4 14. h3 Bf5 15. Qb3 Qd7 16. Kh2 h6 17. Nd2 Rfe8 18. Rfb1 Rab8 19. Ne4 Nxe4 20. dxe4 Be6 21. f4 exf4 22. gxf4 f6 23. Rd1 a6 24. Qg3 Rbc8 25. c5 Red8 26. Rac1 Na5 27. e3 d3 28. Rc3 d2 29. Nc2 Qa4 30. Bf3 Bb3 31. Ra1 Qb5 32. Nd4 Qb4 33. Rxb3 Nxb3 34. Rg1 Rc7 35. Ne6 d1=Q 36. Bxd1 Rd2+ 37. Rg2 Rxg2+ 38. Qxg2 Rd7 39. Be2 Nxc5 40. Nd4 Rxd4 41. exd4 Qxd4 42. Bf3 b5 43. Kh1 Qe3 44. e5 Qc1+ 0-1

[Event "Ports Lge"]
[Site "?"]
[Date "1990.??.??"]
[Round "?"]
[White "Holland, E N"]
[Black "Brameld, Arthur F"]
[Result "1/2-1/2"]
[WhiteElo "2160"]
[BlackElo "2100"]
[PlyCount "54"]
[EventDate "1990.??.??"]
[EventType "swiss"]

1. e4 Nf6 2. e5 Nd5 3. d4 d6 4. Nf3 Bg4 5. Be2 e6 6. O-O Be7 7. h3 Bh5 8. c4 Nb6 9. Nc3 O-O 10. Bf4 dxe5 11. Nxe5 Bxe2 12. Nxe2 N8d7 13. Qc2 Nxe5 14. Bxe5 Bf6 15. Bxf6 Qxf6 16. Rfd1 Rfd8 17. Rd3 Rd7 18. Rad1 Rad8 19. b4 c6 20. a4 a6 21. a5 Nc8 22. Qc3 Ne7 23. Ng3 Qf4 24. Rf3 Qh4 25. Rfd3 Qf4 26. Rf3 Qh4 27. Rfd3 Qf4 1/2-1/2

[Event "CSCh"]
[Site "?"]
[Date "1990.??.??"]
[Round "1"]
[White "Morrison, Munroe"]
[Black "Brameld, Arthur F"]
[Result "0-1"]
[WhiteElo "2840"]
[BlackElo "2100"]
[PlyCount "42"]
[EventDate "1990.??.??"]
[EventType "simul"]
[EventRounds "8"]

1. e4 Nf6 2. e5 Nd5 3. c4 Nb6 4. d4 d6 5. exd6 cxd6 6. Bd3 g6 7. Be3 Bg7 8. Nf3 Bg4 9. h3 Bxf3 10. Qxf3 Nc6 11. a3 O-O 12. O-O Qd7 13. Qf4 e5 14. dxe5 dxe5 15. Qf3 Qxd3 16. Rd1 Qf5 17. Qe2 Nd4 18. Bxd4 exd4 19. Qe7 Nxc4 20. b3 Nb2 21. Rd2 Rae8 0-1

[Event "CSCh"]
[Site "?"]
[Date "1990.??.??"]
[Round "2"]
[White "Brameld, Arthur F"]
[Black "Nicholson, I."]
[Result "1-0"]
[WhiteElo "2100"]
[BlackElo "1720"]
[PlyCount "57"]
[EventDate "1990.??.??"]
[EventType "simul"]
[EventRounds "8"]

1. e4 c5 2. Nf3 Nc6 3. d4 cxd4 4. Nxd4 Nf6 5. Nc3 d6 6. Bc4 e6 7. Be3 Be7 8. Qe2 a6 9. O-O-O Qc7 10. f3 O-O 11. g4 b5 12. Bb3 Bb7 13. g5 Nxd4 14. Rxd4 Nd7 15. h4 Nc5 16. h5 Rac8 17. Rdd1 Nxb3+ 18. axb3 Rfd8 19. g6 Bf6 20. Qf2 Rd7 21. Bb6 Qc6 22. Nd5 $1 Bd8 23. Bxd8 Rcxd8 24. gxh7+ Kxh7 25. h6 Rg8 26. hxg7+ Kxg7 27. Rdg1+ Kf8 28. Rxg8+ Kxg8 29. Qg3+ 1-0

[Event "CSCh"]
[Site "?"]
[Date "1990.??.??"]
[Round "3"]
[White "Watson, Paul"]
[Black "Brameld, Arthur F"]
[Result "0-1"]
[WhiteElo "1860"]
[BlackElo "2100"]
[PlyCount "72"]
[EventDate "1990.??.??"]
[EventType "simul"]
[EventRounds "8"]

1. e4 Nf6 2. e5 Nd5 3. d4 d6 4. Bc4 Nb6 5. e6 Nxc4 6. exf7+ Kxf7 7. Qf3+ Ke8 8. Qh5+ g6 9. Qb5+ Qd7 10. Qxc4 Qg4 11. Qxc7 Na6 $6 12. Qc3 Qxg2 13. Qf3 Bh3 14. Nd2 Qxf3 15. Ngxf3 Nb4 16. Kd1 Rc8 17. c3 Nd3 18. Ke2 Nf4+ 19. Ke1 Bh6 20. Rg1 Rf8 21. Rg3 Bf5 22. Nb3 Nd3+ 23. Kf1 Nxc1 24. Nxc1 Bf4 25. Rg1 Bxc1 26. Rxc1 Bd3+ 27. Kg2 Be4 28. Rce1 Bxf3+ 29. Kg3 Bd5 30. Re3 Kd7 31. Rge1 Rf7 32. b3 b5 33. Rc1 g5 34. c4 bxc4 35. Rec3 h5 36. bxc4 Rxc4 0-1